Túžba zvaná Džebel Tubkal

Bibliographic Details
Main Authors: Majková, R. (Author, Interviewer), Fiala, Anton, 1955- (Author)
Format: Article
Language:Slovak
PhysicalDescription:Fotogr.
ISSN:1336-7161
Subjects:

MARC

LEADER 00000nab a2200000 ar4500
001 vtls008935532
003 SK-MaSNL
005 20260304165935.0
008 070116c2006 xo mr|p|||a |000 b|slo
015 |a SNBRB2007/01 
038 |a SPK 
040 |a SPKCL  |b slo  |c AACR2  |e AACR2 
041 0 |a slo 
044 |a xo  |c SK 
072 7 |a 77  |x Fotografia. Fotografické postupy  |2 konspekt 
072 7 |a 91  |x Geografia ako veda. Výskum. Cestovanie  |2 konspekt 
080 |a 77.03  |x (64)  |2 1997 
080 |a 910  |x (64)  |2 1997 
100 1 |a Majková, R.  |4 ivr  |4 aut  |9 1034182 
245 1 0 |a Túžba zvaná Džebel Tubkal  |c R. Majková, Anton Fiala 
300 |b Fotogr. 
650 0 7 |a cestovanie  |2 snkbucl  |9 18846 
650 0 7 |a fotografovanie  |2 snkbucl  |9 3158 
650 0 7 |a fotografia  |2 snkbucl  |9 1694 
651 7 |a Maroko  |2 snkbucl  |9 17366 
655 7 |a rozhovory  |2 snkbucl  |9 31831 
700 1 |a Fiala, Anton,  |d 1955-  |4 ive  |4 aut  |9 89284 
773 0 |t Pán učiteľ  |g Roč. 2, č. 2 (2006), s. [36]  |x 1336-7161 
852 |a SPK  |b KIS3GCP 
999 |c 2986237  |d 2988167